Praise of Folly and Other Writings: A Norton Critical Edition / (Record no. 616949)
[ view plain ]
| 000 -LEADER | |
|---|---|
| fixed length control field | 00445nam a22001457a 4500 |
| 020 ## - INTERNATIONAL STANDARD BOOK NUMBER | |
| Qualifying information | PB. |
| 040 ## - CATALOGING SOURCE | |
| Transcribing agency | FIZZA ISHAQ |
| 082 ## - DEWEY DECIMAL CLASSIFICATION NUMBER | |
| Classification number | 878.0409 |
| Author Mark | ERA |
| 100 ## - MAIN ENTRY--PERSONAL NAME | |
| Personal name | Erasmus , Desiderius. |
| 9 (RLIN) | 134025 |
| 245 ## - TITLE STATEMENT | |
| Title | Praise of Folly and Other Writings: A Norton Critical Edition / |
| Statement of responsibility, etc. | Desiderius Erasmus. |
| 250 ## - EDITION STATEMENT | |
| Edition statement | Critical ED. |
| 260 ## - PUBLICATION, DISTRIBUTION, ETC. | |
| Place of publication, distribution, etc. | New York: |
| Name of publisher, distributor, etc. | W. W. Norton & Company, |
| Date of publication, distribution, etc. | 1989. |
| 300 ## - PHYSICAL DESCRIPTION | |
| Extent | 340 P. ; |
| Dimensions | 13.34 x 1.91 x 21.59 cm |
| 942 ## - ADDED ENTRY ELEMENTS (KOHA) | |
| Source of classification or shelving scheme | |
| Koha item type | Book |
| Withdrawn status | Lost status | Source of classification or shelving scheme | Damaged status | Not for loan | Permanent Location | Current Location | Shelving location | Date acquired | Total Checkouts | Full call number | Barcode | Date last seen | Price effective from | Koha item type |
|---|---|---|---|---|---|---|---|---|---|---|---|---|---|---|
| NUST Baluchistan Campus (NBC) | NUST Baluchistan Campus (NBC) | General Stacks | 04/09/2026 | 878.0409 ERA | QD-718 | 04/09/2026 | 04/09/2026 | Book |
